| 000 | 00745nam a22001337a 4500 | ||
|---|---|---|---|
| 040 | _cRUA | ||
| 082 | _aAGR KEO 2017 B636 Or.1 | ||
| 100 | _aKEO RAKSMEY កែវ រស្មី | ||
| 245 | _aeffect of split application of urea fertilizer on green mustard ( Brassica juncea ) at royal university of agriculture ឥទ្ធពលចំនួនដងនៃការប្រើប្រាស់ជីអ៊ុយរ៉េលើដំណាំស្ពៃខៀវក្នុងកាកលវិទ្យាល័យភូមិន្ទកសិកម្ម | ||
| 260 |
_aRUA _bphnom penh _c2017 |
||
| 300 |
_aix;27p _bill; _c29cm |
||
| 856 | _uhttps://drive.google.com/file/d/1iRpUtMK79st2M09Dj2bHU8i9LoXwkfIc/view?usp=sharing | ||
| 942 | _cAGR | ||
| 999 |
_c18005 _d18005 |
||